000 00515nam a2200169Ia 4500
003 GCL
008 140319s9999 xx 000 0 ara d
040 _aGCL /
_cGCL
082 0 4 _a813.01
100 1 _aفتحى ابو رفيعة
245 1 0 _aبقايا العمر او ايام الشيخ حسين ابو الجواد /
_cفتحى ابو رفيعة
300 _a107 ص
490 _aمختارات فصول
_v0
650 0 4 _aالقصص العربية
650 0 4 _aالقصص القصيرة
942 _2ddc
_cBK
999 _c37521
_d37521